The Undertakers Wrestlemania Victims - Statistics

General Stats
  • This quiz has been taken 232 times
  • The average score is 11 of 22
Answer Stats
Streak Superstar % Correct
1-0 Jimmy Snuka
89%
2-0 Jake "The Snake" Roberts
70%
3-0 Giant Gonzalez
62%
21-1 Brock Lesnar
53%
21-0 CM Punk
52%
4-0 King Kong Bundy
52%
7-0 Kane
49%
5-0 Kevin Nash
47%
6-0 Sycho Sid
46%
20-0 Triple H
46%
17-0 Shawn Michaels
45%
18-0 Shawn Michaels
45%
8-0 Big Boss Man
44%
19-0 Triple H
44%
16-0 Edge
43%
10-0 Ric Flair
43%
9-0 Triple H
43%
15-0 Batista
42%
13-0 Randy Orton
41%
12-0 Kane
40%
11-0 Big Show
39%
14-0 Mark Henry
36%
No matching quizzes found
Score Distribution
Percent of People with Each Score
Percentile by Number Answered
Your Score History
You have not taken this quiz